Gagnants de l'Eurovision - Mort Subite - Statistiques

Statistiques générales
  • Ce quiz a été pris 429 fois
    49 depuis la dernière actualisation
  • Le résultat moyen est 14 sur 27
Answers on the Grid
Answers color-coded by a green-red scale on the quiz's grid according to % correct below.
Albanie
Allemagne
Andorre
Arménie
Australie
Autriche
Azerbaïdjan
Belgique
Biélorussie
Bosnie-Herzégovine
Bulgarie
Chypre
Croatie
Danemark
Estonie
États-Unis
Finlande
France
Géorgie
Grèce
Hongrie
Irlande
Islande
Israël
Italie
Lettonie
Lituanie
Luxembourg
Malte
Moldavie
Monaco
Norvège
Pays-Bas
Pologne
Portugal
République Tchèque
Roumanie
Royaume-Uni
Russie
Serbie
Serbie-et-Monténégro
Slovaquie
Suède
Suisse
Tchécoslovaquie
Turquie
Ukraine
Yougoslavie
 
Statistiques - réponses
Réponse % Correct
5 victoires : 1958, 1960, 1962, 1969 et 1977 France
81%
4 victoires : 1978, 1979, 1998 et 2018 Israël
74%
Victoire en 2026 Bulgarie
71%
3 victoires : 1964, 1990 et 2021 Italie
68%
2 victoires : 1982 et 2010 Allemagne
65%
3 victoires : 2004, 2016 et 2022 Ukraine
65%
Victoire en 2006 Finlande
61%
5 victoires : 1957, 1959, 1969, 1975 et 2019 Pays-Bas
61%
2 victoires : 1966 et 2014 Autriche
58%
7 victoires : 1974, 1984, 1991, 1999, 2012, 2015 et 2023 Suède
58%
3 victoires : 1956, 1988 et 2024 Suisse
58%
3 victoires : 1985, 1995 et 2009 Norvège
55%
Victoire en 2017 Portugal
55%
5 victoires : 1967, 1969, 1976, 1981 et 1997 Royaume-Uni
55%
Victoire en 1986 Belgique
52%
5 victoires : 1961, 1965, 1972, 1973 et 1983 Luxembourg
52%
7 victoires : 1970, 1980, 1987, 1992, 1993, 1994 et 1996 Irlande
48%
3 victoires : 1963, 2000 et 2013 Danemark
45%
Victoire en 2008 Russie
45%
Victoire en 2011 Azerbaïdjan
39%
Victoire en 2005 Grèce
39%
Victoire en 2001 Estonie
32%
Victoire en 1971 Monaco
29%
Victoire en 2003 Turquie
26%
Victoire en 1989 Yougoslavie
26%
Victoire en 2007 Serbie
23%
Victoire en 2002 Lettonie
19%
Aucun quiz correspondant
Distribution des résultats
% des personnes avec chaque résultat
Percentile par nombre de réponses
Votre historique - résultats
Vous n’avez pas pris ce quiz depuis la dernière actualisation